Statistiques concernant Spectacle du Puy du Fou

Cliquez ici pour prendre le quiz!

Statistiques générales

  • Ce quiz a été pris 286 fois
  • Le résultat moyen est 8 sur 12

Statistiques - réponses

spectacle% Correct
Les Vikings
92%
le signe du triomphe
87%
Le dernier panache
85%
Le bal des oiseaux fantômes
81%
Le secret de la lance
80%
Les mousquetaires de Richelieu
75%
Les chevaliers de la table ronde
67%
Les amoureux de Verdun
62%
le mystère de la Perouse
50%
La cinéscénie
39%
Les orgues de feu
37%
Le premier Royaume
35%

Distribution des résultats

Percentile par nombre de réponses

% des personnes avec chaque résultat

Votre développement - résultats

Vous n’avez pas pris ce quiz